<?xml version="1.0" encoding="UTF-8"?>
<record
    xmlns:xsi="http://www.w3.org/2001/XMLSchema-instance"
    xsi:schemaLocation="http://www.loc.gov/MARC21/slim http://www.loc.gov/standards/marcxml/schema/MARC21slim.xsd"
    xmlns="http://www.loc.gov/MARC21/slim">

  <leader>00946nam a2200217 a 4500</leader>
  <controlfield tag="005">20140414093840.0</controlfield>
  <controlfield tag="008">071002s19uu    xx            00    eng d</controlfield>
  <datafield tag="050" ind1=" " ind2=" ">
    <subfield code="a">DVD 820</subfield>
    <subfield code="b">SHA 1999</subfield>
  </datafield>
  <datafield tag="100" ind1=" " ind2=" ">
    <subfield code="a">Shakespeare, William</subfield>
  </datafield>
  <datafield tag="245" ind1=" " ind2=" ">
    <subfield code="a">A midsummer night's dream /</subfield>
    <subfield code="c">William Shakespeare.</subfield>
  </datafield>
  <datafield tag="260" ind1=" " ind2=" ">
    <subfield code="a">Sl :</subfield>
    <subfield code="b">20th. Century Fox,</subfield>
    <subfield code="c">c1999.</subfield>
  </datafield>
  <datafield tag="300" ind1=" " ind2=" ">
    <subfield code="a">1 video disk (120 min.)</subfield>
  </datafield>
  <datafield tag="500" ind1=" " ind2=" ">
    <subfield code="a">Cast: Everett, Rupert, Flockhark, Calista, Kline, Kevin, Pffeifer, michelle and tucci, Stanley</subfield>
  </datafield>
  <datafield tag="520" ind1=" " ind2=" ">
    <subfield code="a">Summary: Two pairs of star crossed lovers, atroop of inept amateur actors, a feuding pair of superntural sprites and a love potion gone awry all come together in an enchanted moolit forest, the result is an unequalled mixture of merriment and magic.</subfield>
  </datafield>
  <datafield tag="650" ind1=" " ind2=" ">
    <subfield code="a">Film adaptation.</subfield>
  </datafield>
  <datafield tag="650" ind1=" " ind2=" ">
    <subfield code="a">Shakespear, William, 1564-1616</subfield>
    <subfield code="x">Adaptations.</subfield>
  </datafield>
  <datafield tag="650" ind1=" " ind2=" ">
    <subfield code="a">International Baccalaureate.</subfield>
  </datafield>
  <datafield tag="650" ind1=" " ind2=" ">
    <subfield code="a">Film.</subfield>
  </datafield>
  <datafield tag="942" ind1=" " ind2=" ">
    <subfield code="c">AVM</subfield>
  </datafield>
  <datafield tag="999" ind1=" " ind2=" ">
    <subfield code="c">109266</subfield>
    <subfield code="d">109266</subfield>
  </datafield>
  <datafield tag="952" ind1=" " ind2=" ">
    <subfield code="0">0</subfield>
    <subfield code="1">0</subfield>
    <subfield code="4">0</subfield>
    <subfield code="5">0</subfield>
    <subfield code="a">LUX</subfield>
    <subfield code="b">LUX</subfield>
    <subfield code="c">AV</subfield>
    <subfield code="d">2007-10-02</subfield>
    <subfield code="e">I.B Fund</subfield>
    <subfield code="l">0</subfield>
    <subfield code="o">DVD 820 SHA 1999</subfield>
    <subfield code="p">AV0900</subfield>
    <subfield code="r">2014-04-14 00:00:00</subfield>
    <subfield code="w">2014-04-14</subfield>
    <subfield code="y">AVM</subfield>
  </datafield>
</record>
